Kraje Oceanii (Bardzo Trudne +) - Statystyki

Ogólne statystyki
  • Ten quiz został rozwiązany 71 razy
    19 od ostatniego zresetowania
  • Średni wynik to 16 z 31
Statystyki odpowiedzi
Stolica Kraj % Poprawnych
Waszyngton Stany Zjednoczone
82%
Canberra Australia
73%
Wellington Nowa Zelandia
73%
Suva Fidżi
64%
Tokio (Ogasawara) Japonia
64%
Bairiki / Tarawa Kiribati
64%
Ngerulmud Palau
64%
Port Moresby Papua-Nowa Gwinea
64%
Papeete Polinezja Francuska
64%
Nuku‘alofa Tonga
64%
Delap / Majuro Wyspy Marshalla
64%
Honolulu Hawaje
55%
Dżakarta Indonezja
55%
Yaren Nauru
55%
Pago Pago / Fagatogo Samoa Amerykańskie
55%
Vaiaku / Funafuti Tuvalu
55%
Capital Hill / Saipan Mariany Północne
45%
Palikir Mikronezja
45%
Numea Nowa Kaledonia
45%
Apia Samoa
45%
Honiara Wyspy Salomona
45%
Santiago (Sala y Gómez) Chile
36%
Hagåtña Guam
36%
Adamstown Pitcairn
36%
Port Vila Vanuatu
36%
Hanga Roa Wyspa Wielkanocna
36%
Alofi Niue
27%
Kingston Norfolk
27%
Atafu Tokelau
27%
Mata Utu Wallis i Futuna
27%
Avarua Wyspy Cooka
27%
Nie znaleziono quizów pasujących do podanych kryteriów
Rozkład punktacji
Procent ludzi z każdym wynikiem
Percentyl według liczby udzielonych odpowiedzi
Twoja historia wyników
Nie rozwiązałeś tego quizu od ostatniego zresetowania